000 00703nam a2200289Ia 4500
008 181129s9999 xx 000 0 und d
020 _a9780545116152
050 _bB478 2011
100 _aBenton, Jim
245 0 _aOkay, so maybe I do have superpowers /
245 0 _cby Jim Benton and Jamie Kelly.
260 _aNew York, NY :
260 _bScholastic,
260 _c2011
300 _a142 pages :
300 _billustrations ;
300 _c19cm.
440 _aDear dumb diary ;
440 _v11
650 _aCarnival games.
650 _aDiaries.
650 _aFriendship.
650 _aGreat powers.
700 _aKelly, Jamie.
700 _aSeries.
700 _aTitle.
999 _c360310
_d360310